000 00879nam a2200217 i 4500
001 5751
003 ES-MaACL
005 20230906144700.0
007 t|
008 890518s1989 sp a |||| | spa d
080 _a614.4(46)"1720/1988"
080 _a061.43(464.1)"1989"
245 0 3 _aLa enfermedad infecciosa desde la Ilustración
_b: [exposición, Madrid, 12 de febrero - 12 de marzo de 1989] /
_c[proyecto y selección de textos, María Carmen Calleja Folguera].
260 _aMadrid :
_bMinisterio de Sanidad y Consumo :
_bInstituto de Salud Carlos III,
_c[1989]
300 _a293 p. :
_bil. ;
_c24 cm.
650 1 4 _aEnfermedades infecciosas-
_vHistoria.
_9167609
700 1 _aCalleja Folguera, María Carmen.
_933725
710 2 _aInstituto de Salud Carlos III (Madrid)
_95004
710 1 _aEspaña.
_bMinisterio de Salud y Consumo.
_93922
852 _aES-MaACL
_jL-12702
999 _c5751
_d5751